History and freedom : lectures 1964-1965
Αποθηκεύτηκε σε:
| Κύριος συγγραφέας: | |
|---|---|
| Άλλοι συγγραφείς: | , |
| Μορφή: | Βιβλίο |
| Γλώσσα: | English German |
| Δημοσίευση: |
Cambridge, UK :
Polity Press,
2008
|
| Θέματα: | |
| Ετικέτες: |
Προσθήκη ετικέτας
Δεν υπάρχουν, Καταχωρήστε ετικέτα πρώτοι!
|
MARC
| LEADER | 00000nam a2200000 i 4500 | ||
|---|---|---|---|
| 001 | 1/43312 | ||
| 008 | 140227s2008 eng d | ||
| 020 | |a 0-7456-3013-8 (pbk.) | ||
| 035 | |l 10116912 | ||
| 040 | |a GR-MY-UA |b gre |e aacr | ||
| 041 | 0 | |a eng |h ger | |
| 082 | 0 | |a 193 |2 (22) | |
| 100 | 1 | |a Adorno, Theodor W., |d 1903-1969. | |
| 245 | 1 | 0 | |a History and freedom : |b lectures 1964-1965 / |c Theodor W. Adorno ; edited by Rolf Tiedemann ; translated by Rodney Livingstone |
| 260 | |a Cambridge, UK : |b Polity Press, |c 2008 | ||
| 300 | |a xix, 348 σ.; |c 25 εκ. | ||
| 504 | |a Περιλαμβάνει βιβλιογραφικές αναφορές και ευρετήριο | ||
| 600 | 1 | 0 | |a Adorno, Theodor W., |d 1903-1969. |
| 650 | 0 | 0 | |a Philosophy. |
| 700 | 1 | |a Tiedemann, Rolf. |4 edt | |
| 700 | 1 | |a Livingstone, Rodney. |4 trl | |
| 852 | |a INST |b LESVOS |e 20140227 |h 193 ADO |p 005100053444 |q 005100053444 |t BK |y 0 | ||
| 901 | |a BIBL1-2014-1 | ||
| 909 | |a Λ |b 177393 | ||
| 922 | |a 1ΕΛΗ |b 201210 |c ΤΜΗΜΑ ΚΟΙΝΩΝΙΚΗΣ ΑΝΘΡΩΠΟΛΟΓΙΑΣ ΚΑΙ ΙΣΤΟΡΙΑΣ |d ΙΩΑΝΝΙΔΟΥ | ||
| 970 | |a ΤΖΑΦΕΡΗ |b ΕΥΑΓΓΕΛΙΑ |z 2014/02/28 | ||